NBA Players from UMass - Statistics

General Stats
  • This quiz has been taken 26 times
  • The average score is 2 of 8
Answer Stats
Position Player Draft Year % Correct
C Marcus Camby 1996
95%
SF Julius Erving 1972
86%
F Lou Roe 1995
19%
G A.J. Wynder 1987
10%
SG Al Skinner 1974
10%
F Gary Forbes 2008
10%
F Stéphane Lasme 2007
10%
F Lari Ketner 1999
5%
No matching quizzes found
Score Distribution
Percent of People with Each Score
Percentile by Number Answered
Your Score History
You have not taken this quiz